000
00292nam a22001337a 4500
008
171010b xxu||||| |||| 00| 0 eng d
020
_a
9780807845349
041
_a
eng
080
_a
316
100
_a
50
101
_a
SOC
245
_a
APPACHIA IN THE MAKING
_c
PUDUP, M.B
942
_2
udc
_c
BK
999
_c
32900
_d
32900